Dynamické merania a systémová identifikácia mostov s využitím interferometrického radaru

Na minha lista:
Detalhes bibliográficos
Autor principal: Lamperová, Katarína (Author)
Outros Autores: Sokol, Milan (Thesis advisor)
Formato: Manuscrito Livro
Idioma:eslovaco
Publicado em: 2020
Assuntos:
Acesso em linha:http://is.stuba.sk/zp/portal_zp.pl?podrobnosti=138919
Tags: Adicionar Tag
Sem tags, seja o primeiro a adicionar uma tag!

MARC

LEADER 00000ntm a22000003a 4500
001 stuzp60057
003 SK-STU
005 20200829210349.6
007 ta
008 150427s2015----xo-----f-mn---000-0-slo-d
040 |a STU  |b slo 
041 0 |a slo 
100 1 |a Lamperová, Katarína  |u 010250  |4 aut  |U SvF Stavebná fakulta  |T SvF Katedra stavebnej mechaniky  |X 7460  |U V250  |Y 26  |7 A000007460 
242 0 1 |a Dynamic tests and system identification of bridges using interferometric radar  |y eng 
245 1 0 |a Dynamické merania a systémová identifikácia mostov s využitím interferometrického radaru 
260 |c 2020 
650 4 |a Monitorovanie stavu konštrukcií  |2 slo 
650 4 |a Mosty  |2 slo 
650 4 |a Radarová interferometria  |2 slo 
650 4 |a Meranie dynamickej odozvy  |2 slo 
650 4 |a Meranie dynamických premiestnení  |2 slo 
650 4 |a Identifikácia poškodenia  |2 slo 
650 4 |a Damage identification  |2 eng 
650 4 |a Structural health monitoring  |2 eng 
650 4 |a Bridges  |2 eng 
650 4 |a Radar interferometry  |2 eng 
650 4 |a Dynamic response measurement  |2 eng 
650 4 |a Dynamic displacement measurement  |2 eng 
700 1 |a Sokol, Milan  |u 010250  |k Z1  |4 ths  |U SvF Stavebná fakulta  |T SvF Katedra stavebnej mechaniky  |X 687  |U V250  |Y 26  |7 A000000687 
856 4 |u http://is.stuba.sk/zp/portal_zp.pl?podrobnosti=138919